[Event "I Open Distrito de Chamartin 2012"]
[Site "Madrid ESP"]
[Date "2012.09.11"]
[Round "4.3"]
[White "Vera Gonzalez-Quevedo, Reynaldo"]
[Black "Acuna Celada, Ivan"]
[Result "1-0"]
[WhiteElo "2481"]
[BlackElo "2152"]
[PlyCount "37"]
[EventDate "2012.09.09"]
[EventType "swiss"]
[EventRounds "9"]
[EventCountry "ESP"]
[Source "lmi"]
[SourceDate "2012.09.09"]

1. d4 Nf6 2. c4 g6 3. Nc3 Bg7 4. e4 d6 5. Be2 O-O 6. Nf3 e5 7. O-O Nc6 8. Be3
Nd7 9. Rc1 exd4 10. Nxd4 Re8 11. Qd2 Nc5 12. f3 Nxd4 13. Bxd4 Bxd4+ 14. Qxd4
Ne6 15. Qd2 c6 16. Rcd1 Qb6+ 17. Kh1 Rd8 18. f4 Ng7 19. c5 1-0

[Event "I Open Distrito de Chamartin 2012"]
[Site "Madrid ESP"]
[Date "2012.09.11"]
[Round "4.4"]
[White "Almagro Llamas, Pablo"]
[Black "Unciti Juan, Javier"]
[Result "0-1"]
[WhiteElo "2455"]
[BlackElo "2143"]
[PlyCount "121"]
[EventDate "2012.09.09"]
[EventType "swiss"]
[EventRounds "9"]
[EventCountry "ESP"]
[Source "lmi"]
[SourceDate "2012.09.09"]

1. c4 e6 2. Nf3 d5 3. d4 c5 4. cxd5 exd5 5. Nc3 Nc6 6. g3 Nf6 7. Bg2 Be7 8. O-O
O-O 9. dxc5 Bxc5 10. Na4 Be7 11. Be3 Ne4 12. Rc1 Qa5 13. a3 Bd7 14. b4 Nxb4 15.
axb4 Qxa4 16. Qxd5 Bc6 17. Qa5 Qxb4 18. Qxb4 Bxb4 19. Ne5 Nc3 20. Nxc6 bxc6 21.
Rc2 Nd5 22. Bd4 Ne7 23. Rc4 a5 24. Ra1 Rab8 25. h4 Rfe8 26. e3 Rec8 27. h5 h6
28. Ra2 Rb5 29. Bf3 c5 30. Be5 Rd8 31. Rg4 Nf5 32. Be2 c4 33. Bf6 Rc8 34. e4
Rb6 35. Ba1 c3 36. exf5 c2 37. Rxc2 Rxc2 38. Bxg7 Kh7 39. Bd4 Rd6 40. Bb5 Rd2
41. Be3 R2d5 42. Ba4 Bc3 43. Rc4 Bd4 44. Bf4 Rb6 45. Bc2 Bf6 46. Rc7 Kg7 47.
Be4 Rd4 48. Bc2 Rd8 49. g4 Rb2 50. Bg3 Rd2 51. Ba4 Rd8 52. Bd7 Kg8 53. Kg2 Rd2
54. Bb5 R2d5 55. Bc4 R5d7 56. Rc6 Kg7 57. Bf4 Rd4 58. Kf3 a4 59. Bc1 R4d6 60.
Rc5 R8d7 61. Ke2 0-1

[Event "I Open Distrito de Chamartin 2012"]
[Site "Madrid ESP"]
[Date "2012.09.11"]
[Round "4.5"]
[White "Taboas Rodriguez, Daniel"]
[Black "Nieto De La Cruz, Julio"]
[Result "1-0"]
[WhiteElo "2402"]
[BlackElo "2139"]
[PlyCount "123"]
[EventDate "2012.09.09"]
[EventType "swiss"]
[EventRounds "9"]
[EventCountry "ESP"]
[Source "lmi"]
[SourceDate "2012.09.09"]

1. d4 g6 2. c4 c5 3. d5 b5 4. cxb5 Nf6 5. Nc3 d6 6. e4 Bg7 7. Nf3 O-O 8. h3 a6
9. bxa6 Qa5 10. Bd2 Qb4 11. Qc2 Nxa6 12. Be2 Qb7 13. O-O e6 14. Bf4 exd5 15.
Bxd6 Re8 16. exd5 Nxd5 17. Bxa6 Rxa6 18. Bxc5 Bxh3 19. Nxd5 Qxd5 20. Rad1 Qa8
21. a3 Bf5 22. Qd2 Be4 23. Rfe1 h6 24. Re3 Rc8 25. Bb4 Rb6 26. Qd7 Bf5 27. Qd2
Rb7 28. b3 Bg4 29. Rde1 Rd7 30. Qe2 Qd5 31. Re8+ Rxe8 32. Qxe8+ Kh7 33. Qe4 Qh5
34. Qe3 Be6 35. Bc3 Qd5 36. Bxg7 Kxg7 37. b4 Rc7 38. Qd4+ Kf8 39. Qh8+ Ke7 40.
Qxh6 Rc3 41. Qh4+ Kd7 42. Ne5+ Kc7 43. Qe7+ Kb6 44. a4 Ra3 45. a5+ Kb5 46. Qe8+
Kxb4 47. Nc6+ Kc3 48. Re3+ Kb2 49. Qb8+ Rb3 50. Rxb3+ Qxb3 51. a6 Bd5 52. Qxb3+
Kxb3 53. Ne7 Be4 54. f3 Ba8 55. Nc8 Kb4 56. Nb6 Bc6 57. a7 Kb5 58. a8=Q Bxa8
59. Nxa8 Kc6 60. Kf2 Kb7 61. Ke3 Kxa8 62. Ke4 1-0

[Event "I Open Distrito de Chamartin 2012"]
[Site "Madrid ESP"]
[Date "2012.09.11"]
[Round "4.6"]
[White "Hernando Pertierra, Jose C"]
[Black "Cerrato Torrijos, Maria"]
[Result "1/2-1/2"]
[WhiteElo "2376"]
[BlackElo "2120"]
[PlyCount "114"]
[EventDate "2012.09.09"]
[EventType "swiss"]
[EventRounds "9"]
[EventCountry "ESP"]
[Source "lmi"]
[SourceDate "2012.09.09"]

1. Nf3 d5 2. b3 Nf6 3. Bb2 Nc6 4. e3 a6 5. Be2 Bg4 6. O-O e6 7. d3 Bd6 8. Nbd2
O-O 9. c4 e5 10. cxd5 Nxd5 11. Nc4 Qe8 12. h3 Bh5 13. Nxd6 cxd6 14. d4 e4 15.
Nd2 Bxe2 16. Qxe2 Ncb4 17. Ba3 Qe6 18. Bxb4 Nxb4 19. Qc4 Nd5 20. Qc2 f5 21.
Rac1 Rac8 22. Qb2 f4 23. Rxc8 Rxc8 24. Qb1 Nc3 25. Qe1 f3 26. gxf3 exf3 27.
Nxf3 Qxh3 28. Nh2 d5 29. Kh1 Qf5 30. f3 Nxa2 31. e4 dxe4 32. fxe4 Qh5 33. Qg3
Qe2 34. Qf4 h6 35. Ng4 Qxf1+ 36. Qxf1 Rc1 37. Kg2 Rxf1 38. Kxf1 Nc3 39. e5 Kf7
40. Kf2 Ke6 41. Ke3 h5 42. Nf2 h4 43. Nd3 b6 44. Kf4 h3 45. Kf3 h2 46. Kg2 Ne2
47. d5+ Kxd5 48. Nb4+ Kxe5 49. Nxa6 Kd4 50. Nc7 g6 51. Kxh2 Nc1 52. Na8 Kc5 53.
Kg3 Kc6 54. Nxb6 Kxb6 55. Kg4 Nd3 56. Kg5 Ne5 57. Kf6 Nd3 1/2-1/2

[Event "I Open Distrito de Chamartin 2012"]
[Site "Madrid ESP"]
[Date "2012.09.11"]
[Round "4.7"]
[White "Collado Barbas, Laura"]
[Black "Fernandez Lledo, Javier"]
[Result "1-0"]
[WhiteElo "2149"]
[BlackElo "2202"]
[PlyCount "73"]
[EventDate "2012.09.09"]
[EventType "swiss"]
[EventRounds "9"]
[EventCountry "ESP"]
[Source "lmi"]
[SourceDate "2012.09.09"]

1. d4 Nf6 2. c4 g6 3. Nc3 Bg7 4. e4 d6 5. Nf3 O-O 6. h3 e5 7. d5 a5 8. Bg5 Na6
9. a3 Bd7 10. Nd2 h6 11. Be3 Qe8 12. g4 c6 13. Be2 cxd5 14. cxd5 b5 15. a4 bxa4
16. Nc4 Qb8 17. Nb6 Nc5 18. Bxc5 dxc5 19. Nxa8 Qxb2 20. Nxa4 Qb4+ 21. Kf1 Rxa8
22. f3 Ne8 23. Kg2 Nd6 24. Qc2 f5 25. Rhb1 Qd4 26. Nb6 Rd8 27. Nxd7 Rxd7 28.
Ra4 c4 29. Rd1 Qe3 30. exf5 e4 31. fxe4 Nxe4 32. Bf3 Nc3 33. Rxc4 Be5 34. Rd3
Qe1 35. Rcxc3 Rb7 36. Rc8+ Kg7 37. Rg8+ 1-0

[Event "I Open Distrito de Chamartin 2012"]
[Site "Madrid ESP"]
[Date "2012.09.11"]
[Round "4.9"]
[White "Garcia Saez, Juan Carlos"]
[Black "Elissalt Cardenas, Hector"]
[Result "0-1"]
[WhiteElo "2004"]
[BlackElo "2353"]
[PlyCount "92"]
[EventDate "2012.09.09"]
[EventType "swiss"]
[EventRounds "9"]
[EventCountry "ESP"]
[Source "lmi"]
[SourceDate "2012.09.09"]

1. e4 g6 2. d4 Bg7 3. Nf3 d6 4. h3 Nf6 5. Bd3 c6 6. c3 Nbd7 7. Nbd2 e5 8. O-O
O-O 9. Nc4 Qc7 10. a4 b6 11. Re1 Bb7 12. Bg5 h6 13. Bh4 Rfe8 14. Bg3 Nh5 15.
Bh2 a6 16. Qd2 b5 17. Ne3 Nhf6 18. Qc2 Qb6 19. axb5 cxb5 20. Ng4 Nxg4 21. hxg4
exd4 22. cxd4 Nf6 23. g5 Rac8 24. Qd2 hxg5 25. e5 dxe5 26. Bxe5 g4 27. Nh4 g3
28. Bxg3 Qxd4 29. Rxe8+ Rxe8 30. Qc2 Ne4 31. Nf3 Qxb2 32. Qxb2 Bxb2 33. Rb1 Bc3
34. Bxb5 axb5 35. Rxb5 Nxg3 36. Rxb7 Ne4 37. g3 Kf8 38. Kg2 Re7 39. Rb8+ Kg7
40. Ng1 Bd4 41. Nh3 Nxf2 42. Nxf2 Re2 43. Rd8 Rxf2+ 44. Kh3 Rd2 45. Ra8 f5 46.
g4 Rd3+ 0-1

[Event "I Open Distrito de Chamartin 2012"]
[Site "Madrid ESP"]
[Date "2012.09.11"]
[Round "4.10"]
[White "Perez Gonzalez, Jose Manuel"]
[Black "Rodriguez Gomez, Vicente"]
[Result "1-0"]
[WhiteElo "2333"]
[BlackElo "1992"]
[PlyCount "77"]
[EventDate "2012.09.09"]
[EventType "swiss"]
[EventRounds "9"]
[EventCountry "ESP"]
[Source "lmi"]
[SourceDate "2012.09.09"]

1. e4 e5 2. Nf3 Nc6 3. d4 exd4 4. Bc4 Nf6 5. e5 d5 6. Bb5 Ne4 7. Nxd4 Bd7 8.
Bxc6 bxc6 9. O-O Be7 10. f3 Nc5 11. f4 Ne6 12. f5 Nxd4 13. Qxd4 f6 14. e6 Bc8
15. Nc3 Bd6 16. Bf4 Qe7 17. Bxd6 cxd6 18. Qa4 O-O 19. Qxc6 Qb7 20. Qxb7 Bxb7
21. Rad1 Rac8 22. Rf2 Rc5 23. Rd4 Rd8 24. Rfd2 g6 25. g4 Rc4 26. h3 Kf8 27.
Nxd5 Bxd5 28. Rxd5 Ke7 29. Rb5 Rc7 30. c4 gxf5 31. gxf5 Rg8+ 32. Kh2 h5 33.
Rbd5 Rg5 34. b3 Rc6 35. Rg2 Ra6 36. a4 Rb6 37. Rxg5 fxg5 38. Rb5 Rxb5 39. axb5
1-0

[Event "I Open Distrito de Chamartin 2012"]
[Site "Madrid ESP"]
[Date "2012.09.11"]
[Round "4.11"]
[White "Garcia Diaz, Victor Manuel"]
[Black "Lopez Moll, Jose Manuel"]
[Result "1-0"]
[WhiteElo "2189"]
[BlackElo "1991"]
[PlyCount "109"]
[EventDate "2012.09.09"]
[EventType "swiss"]
[EventRounds "9"]
[EventCountry "ESP"]
[Source "lmi"]
[SourceDate "2012.09.09"]

1. c4 d6 2. Nc3 e5 3. g3 f5 4. d4 Nc6 5. e3 g6 6. Bg2 Bd7 7. Nge2 Bg7 8. Rb1 a5
9. a3 Nf6 10. b4 axb4 11. axb4 O-O 12. O-O e4 13. Qb3 Kh8 14. Rd1 Be8 15. c5 d5
16. Bb2 Bf7 17. Ra1 Rb8 18. b5 Ne7 19. Ba3 c6 20. Bb4 g5 21. Ba5 Qd7 22. Rdb1
Nh5 23. Bh3 Be6 24. bxc6 Nxc6 25. Qd1 Nxa5 26. Rxa5 f4 27. Bxe6 Qxe6 28. Rb6
Qf5 29. Qe1 fxe3 30. fxe3 Qh3 31. Nxd5 Rf3 32. Rb1 Rbf8 33. Rab5 Qd7 34. Nec3
Qh3 35. Nxe4 Qe6 36. Ndc3 Qc4 37. Kg2 Qd3 38. Rd1 Qxe3 39. Qxe3 Rxe3 40. Rxb7
Nf6 41. Re7 Nxe4 42. Nxe4 Re2+ 43. Kg1 g4 44. c6 Bxd4+ 45. Kh1 Bc5 46. Re6 Bb6
47. h3 gxh3 48. Ng5 Rc2 49. Rh6 Rcf2 50. c7 Rf1+ 51. Rxf1 Rxf1+ 52. Kh2 Rf2+
53. Kxh3 Rc2 54. Rxb6 Rxc7 55. Rb8+ 1-0

[Event "I Open Distrito de Chamartin 2012"]
[Site "Madrid ESP"]
[Date "2012.09.11"]
[Round "4.12"]
[White "Iturbide Arnedo, Oscar"]
[Black "Alonso Aranzabal, Inigo"]
[Result "1/2-1/2"]
[WhiteElo "2134"]
[BlackElo "1976"]
[PlyCount "60"]
[EventDate "2012.09.09"]
[EventType "swiss"]
[EventRounds "9"]
[EventCountry "ESP"]
[Source "lmi"]
[SourceDate "2012.09.09"]

1. d4 Nf6 2. Bg5 g6 3. Bxf6 exf6 4. e3 Bg7 5. g3 O-O 6. Ne2 d5 7. Bg2 c6 8. O-O
f5 9. b3 Be6 10. Qd3 Nd7 11. Nd2 Nf6 12. c4 Qe7 13. c5 Bd7 14. b4 h5 15. a4 h4
16. Nb1 Bh6 17. Nbc3 hxg3 18. hxg3 Rae8 19. b5 Kg7 20. Bh3 Rh8 21. Kg2 Ng4 22.
Nf4 Bxf4 23. exf4 Qf6 24. Rh1 Rh7 25. f3 Ne3+ 26. Kf2 Nc4 27. Rae1 Rhh8 28.
Rxe8 Rxe8 29. Re1 Rxe1 30. Kxe1 Qe7+ 1/2-1/2

[Event "I Open Distrito de Chamartin 2012"]
[Site "Madrid ESP"]
[Date "2012.09.11"]
[Round "4.13"]
[White "Nunez Miranda, Adrian"]
[Black "Ginesta Caballero, Olga Lucia"]
[Result "1-0"]
[WhiteElo "1971"]
[BlackElo "2099"]
[PlyCount "85"]
[EventDate "2012.09.09"]
[EventType "swiss"]
[EventRounds "9"]
[EventCountry "ESP"]
[Source "lmi"]
[SourceDate "2012.09.09"]

1. e4 c5 2. Nf3 g6 3. c3 Bg7 4. d4 cxd4 5. cxd4 d5 6. e5 Nc6 7. Nc3 Bg4 8. Be3
Nh6 9. Qb3 O-O 10. Qxb7 Rc8 11. Be2 Nf5 12. Rd1 e6 13. O-O Rc7 14. Qb3 Na5 15.
Qc2 Bxf3 16. Bxf3 Nxe3 17. fxe3 Nc4 18. Qe2 Bh6 19. Rd3 Nxe3 20. Rxe3 Bxe3+ 21.
Qxe3 Qb8 22. Rf2 Rfc8 23. Bd1 Qb4 24. a3 Qc4 25. h4 Qc6 26. Ba4 Qa6 27. Qf4 Rb8
28. h5 Qc8 29. g4 a6 30. h6 Qd8 31. g5 Qe7 32. Bd1 Rcb7 33. Na4 Rb5 34. b3 R5b7
35. Nc5 Ra7 36. Qf6 Qxf6 37. Rxf6 a5 38. Be2 Rb6 39. a4 Rb4 40. Rf4 Rc7 41. Kg2
Rb6 42. Bb5 Re7 43. Kf2 1-0

[Event "I Open Distrito de Chamartin 2012"]
[Site "Madrid ESP"]
[Date "2012.09.11"]
[Round "4.14"]
[White "Camara Cozar, David"]
[Black "Rodriguez Dorado, Victor"]
[Result "1-0"]
[WhiteElo "2077"]
[BlackElo "1958"]
[PlyCount "49"]
[EventDate "2012.09.09"]
[EventType "swiss"]
[EventRounds "9"]
[EventCountry "ESP"]
[Source "lmi"]
[SourceDate "2012.09.09"]

1. e4 c6 2. Nf3 d5 3. Nc3 Bg4 4. h3 Bh5 5. g4 Bg6 6. exd5 cxd5 7. h4 h5 8. Ne5
Qd6 9. d4 a6 10. Bg2 Nc6 11. Nxg6 Qxg6 12. Nxd5 O-O-O 13. g5 Qe6+ 14. Be3 Rxd5
15. Bh3 Rf5 16. d5 Qe4 17. Bxf5+ Qxf5 18. dxc6 bxc6 19. Qe2 Qa5+ 20. Bd2 Qb6
21. O-O-O e6 22. Rh3 Bc5 23. Rb3 Qa7 24. Qf3 Qc7 25. Rc3 1-0

[Event "I Open Distrito de Chamartin 2012"]
[Site "Madrid ESP"]
[Date "2012.09.11"]
[Round "4.15"]
[White "Useche Ramirez, Maryorit K"]
[Black "Abul, Qasem"]
[Result "0-1"]
[WhiteElo "1788"]
[BlackElo "2030"]
[PlyCount "60"]
[EventDate "2012.09.09"]
[EventType "swiss"]
[EventRounds "9"]
[EventCountry "ESP"]
[Source "lmi"]
[SourceDate "2012.09.09"]

1. e4 e5 2. Nf3 Nc6 3. Bb5 f5 4. exf5 e4 5. Bxc6 dxc6 6. Qe2 Bxf5 7. d3 Qe7 8.
Nd4 exd3 9. Qxe7+ Nxe7 10. Nxf5 Nxf5 11. cxd3 O-O-O 12. Ke2 Bc5 13. Nc3 Rhe8+
14. Ne4 Nd4+ 15. Kd1 Rxe4 16. dxe4 Nb3+ 17. Kc2 Nxa1+ 18. Kb1 Bxf2 19. Kxa1 Kd7
20. Rf1 Bd4 21. Bg5 Re8 22. Re1 c5 23. Kb1 Rf8 24. Bh4 g5 25. Bg3 h5 26. h4 g4
27. Kc2 Ke6 28. Kd3 c6 29. b4 Rd8 30. bxc5 Bf2+ 0-1

[Event "I Open Distrito de Chamartin 2012"]
[Site "Madrid ESP"]
[Date "2012.09.11"]
[Round "4.16"]
[White "Cano Cabanillas, Javier"]
[Black "De Dompablo Fantova, Juan"]
[Result "1-0"]
[WhiteElo "2027"]
[BlackElo "1656"]
[PlyCount "43"]
[EventDate "2012.09.09"]
[EventType "swiss"]
[EventRounds "9"]
[EventCountry "ESP"]
[Source "lmi"]
[SourceDate "2012.09.09"]

1. e4 c5 2. Nf3 d6 3. d4 cxd4 4. Nxd4 Nf6 5. Nc3 g6 6. Be3 Bg7 7. f3 O-O 8. Qd2
Nc6 9. Bc4 Bd7 10. O-O-O Rc8 11. Bb3 Ne5 12. Kb1 Nc4 13. Bxc4 Rxc4 14. g4 Re8
15. h4 h5 16. Nd5 Nxd5 17. exd5 hxg4 18. h5 Bh8 19. hxg6 fxg6 20. Qd3 Rxd4 21.
Qxg6+ Bg7 22. Bh6 1-0

[Event "I Open Distrito de Chamartin 2012"]
[Site "Madrid ESP"]
[Date "2012.09.11"]
[Round "4.17"]
[White "Avendano Mateos, Jose"]
[Black "Contreras Donoso, Juan Francisco"]
[Result "1-0"]
[WhiteElo "2014"]
[BlackElo "1766"]
[PlyCount "95"]
[EventDate "2012.09.09"]
[EventType "swiss"]
[EventRounds "9"]
[EventCountry "ESP"]
[Source "lmi"]
[SourceDate "2012.09.09"]

1. d4 d5 2. Nf3 Nf6 3. Bg5 Nbd7 4. e3 e6 5. Bd3 Bd6 6. Nbd2 O-O 7. c4 c5 8. O-O
h6 9. Bh4 b6 10. cxd5 exd5 11. dxc5 Nxc5 12. Be2 Re8 13. Bg3 Bxg3 14. hxg3 Bb7
15. Nd4 a6 16. b4 Nce4 17. Nxe4 Nxe4 18. Rc1 Rc8 19. Qd3 Qe7 20. a3 b5 21. Bf3
Rc4 22. Bxe4 dxe4 23. Qd2 Rec8 24. Nb3 Rxc1 25. Rxc1 Rxc1+ 26. Qxc1 Qd6 27. Nc5
Bd5 28. Qd2 Qc6 29. Nxa6 Qxa6 30. Qxd5 Qxa3 31. Qxb5 g5 32. Qe8+ Kg7 33. Qxe4
Qb3 34. g4 f6 35. g3 Qd1+ 36. Kg2 Qe2 37. Qe7+ Kg6 38. Qe8+ Kg7 39. Qd7+ Kg6
40. b5 Qa2 41. Qd3+ Kg7 42. b6 Qa8+ 43. e4 Qb7 44. Qd4 Qc6 45. Kh2 Qb7 46. e5
fxe5 47. Qxe5+ Kg6 48. Qd6+ 1-0

[Event "I Open Distrito de Chamartin 2012"]
[Site "Madrid ESP"]
[Date "2012.09.11"]
[Round "4.18"]
[White "Monge Gilgado, Eva Maria"]
[Black "Gomez Gonzalez, Javier"]
[Result "0-1"]
[WhiteElo "1856"]
[BlackElo "2137"]
[PlyCount "82"]
[EventDate "2012.09.09"]
[EventType "swiss"]
[EventRounds "9"]
[EventCountry "ESP"]
[Source "lmi"]
[SourceDate "2012.09.09"]

1. e4 c5 2. Nc3 d6 3. g3 g6 4. Bg2 Bg7 5. d3 Nc6 6. f4 e6 7. Nf3 Nge7 8. O-O
O-O 9. Be3 Nd4 10. Bf2 f5 11. Nxd4 cxd4 12. Ne2 e5 13. c3 dxc3 14. bxc3 Kh8 15.
Qb3 Qa5 16. exf5 gxf5 17. fxe5 dxe5 18. Rab1 Rb8 19. Qc4 Ng6 20. Rb5 Qa6 21.
Rfb1 Be6 22. Qb4 b6 23. Qb2 Rbd8 24. Nc1 Qa4 25. Qe2 Qa3 26. Qc2 Qd6 27. a4 Bh6
28. d4 e4 29. Ne2 Bc4 30. Bf1 Bd3 31. Qa2 f4 32. Rh5 Bxb1 33. Qxb1 e3 34. Bxe3
fxe3 35. Rxh6 Kg7 36. Rh5 Qf6 37. Nf4 Rde8 38. Bd3 e2 39. Re5 Rxe5 40. Bxe2
Nxf4 41. gxf4 Rxe2 0-1

[Event "I Open Distrito de Chamartin 2012"]
[Site "Madrid ESP"]
[Date "2012.09.11"]
[Round "4.19"]
[White "Gomez Feria, Jose Maria"]
[Black "Arbunic Castro, Giovanna"]
[Result "1-0"]
[WhiteElo "1930"]
[BlackElo "2113"]
[PlyCount "73"]
[EventDate "2012.09.09"]
[EventType "swiss"]
[EventRounds "9"]
[EventCountry "ESP"]
[Source "lmi"]
[SourceDate "2012.09.09"]

1. Nf3 d5 2. c4 e6 3. e3 Nf6 4. Nc3 Be7 5. d4 O-O 6. Bd3 b6 7. O-O Bb7 8. b3
Nbd7 9. Bb2 c5 10. Re1 Rc8 11. Rc1 a6 12. Qe2 dxc4 13. bxc4 Rc7 14. d5 exd5 15.
cxd5 Nxd5 16. Bxa6 Bxa6 17. Qxa6 Nb4 18. Qe2 c4 19. Red1 Nd3 20. Rc2 N7c5 21.
Nb5 Rd7 22. Bd4 Ne4 23. Rb1 Qc8 24. Nd2 Qa6 25. Rxc4 Nec5 26. a3 Rfd8 27. Nf3
Bf6 28. Rc3 Nf4 29. exf4 Bxd4 30. Nfxd4 Kf8 31. Re3 g6 32. Nf3 Ne6 33. g3 Qb7
34. Re1 Qa8 35. Re5 Rd3 36. Ng5 Nc5 37. Rxc5 1-0

[Event "I Open Distrito de Chamartin 2012"]
[Site "Madrid ESP"]
[Date "2012.09.11"]
[Round "4.20"]
[White "Largo Barbero, Benito"]
[Black "Alvarez Abejon, Amilcar"]
[Result "1-0"]
[WhiteElo "1885"]
[BlackElo "2105"]
[PlyCount "75"]
[EventDate "2012.09.09"]
[EventType "swiss"]
[EventRounds "9"]
[EventCountry "ESP"]
[Source "lmi"]
[SourceDate "2012.09.09"]

1. d4 Nf6 2. Bf4 g6 3. e3 Bg7 4. c3 O-O 5. Nf3 d6 6. Nbd2 c5 7. Bd3 Nc6 8. O-O
Nh5 9. Bg5 Be6 10. Ne1 Qb6 11. b3 Qa5 12. Rc1 cxd4 13. Bh4 dxc3 14. Ne4 Qxa2
15. f4 Bxb3 16. Qf3 Bd5 17. Qd1 Qa5 18. f5 Rac8 19. Ng5 Nb4 20. fxg6 hxg6 21.
Bb1 Na2 22. Rc2 Qa4 23. Qxd5 Nb4 24. Qe4 d5 25. Qxe7 Nxc2 26. Bxc2 Qxh4 27.
Nef3 Qc4 28. Bxg6 fxg6 29. Qe6+ Kh8 30. Qxg6 Nf6 31. Ne5 Qh4 32. Qf5 Qxg5 33.
Qxg5 c2 34. Ng6+ Kg8 35. Ne7+ Kf7 36. Nxc8 Rxc8 37. Qxd5+ Kg6 38. Qf5+ 1-0

[Event "I Open Distrito de Chamartin 2012"]
[Site "Madrid ESP"]
[Date "2012.09.11"]
[Round "4.21"]
[White "Camarero Izquierdo, Juan C"]
[Black "Martin Martin, Luis Vicente"]
[Result "0-1"]
[WhiteElo "1899"]
[BlackElo "2069"]
[PlyCount "64"]
[EventDate "2012.09.09"]
[EventType "swiss"]
[EventRounds "9"]
[EventCountry "ESP"]
[Source "lmi"]
[SourceDate "2012.09.09"]

1. d4 c5 2. d5 e5 3. e4 d6 4. Nc3 Be7 5. Be3 Bg5 6. Qd2 Bxe3 7. Qxe3 a6 8. f4
Nd7 9. Nf3 exf4 10. Qxf4 Qf6 11. Qd2 Ne7 12. a4 b6 13. Bd3 Ng6 14. O-O-O Nde5
15. Nxe5 Nxe5 16. Kb1 Bd7 17. Rhf1 Qe7 18. h3 O-O 19. Qe2 Ra7 20. Qh5 c4 21.
Be2 b5 22. Bg4 b4 23. Ne2 Bxa4 24. Nd4 Bd7 25. Bxd7 Qxd7 26. Rf4 b3 27. Rh4 h6
28. Nf5 bxc2+ 29. Kxc2 Qa4+ 30. Kb1 c3 31. Nxh6+ gxh6 32. bxc3 Qb3+ 0-1

[Event "I Open Distrito de Chamartin 2012"]
[Site "Madrid ESP"]
[Date "2012.09.11"]
[Round "4.22"]
[White "Lozano Sanchez, Jose Antonio"]
[Black "Rodriguez Perez, David"]
[Result "0-1"]
[WhiteElo "1873"]
[BlackElo "2019"]
[PlyCount "58"]
[EventDate "2012.09.09"]
[EventType "swiss"]
[EventRounds "9"]
[EventCountry "ESP"]
[Source "lmi"]
[SourceDate "2012.09.09"]

1. e4 c5 2. Nf3 d6 3. Bc4 Nf6 4. Nc3 g6 5. O-O Bg7 6. d3 O-O 7. Bf4 Nc6 8. a4
b6 9. Re1 Bb7 10. h3 Nb4 11. Bb3 Rc8 12. e5 dxe5 13. Nxe5 Nbd5 14. Bd2 Qc7 15.
Ng4 e6 16. Rb1 Nf4 17. Nb5 Qb8 18. Bxf4 Qxf4 19. Nxa7 Rcd8 20. Qc1 Qb8 21. Nb5
Nh5 22. Qd2 Kh8 23. Qe3 f5 24. Nh2 f4 25. Qxe6 f3 26. Qxb6 fxg2 27. Qc7 Nf4 28.
f3 Qxc7 29. Nxc7 Bd4+ 0-1

[Event "I Open Distrito de Chamartin 2012"]
[Site "Madrid ESP"]
[Date "2012.09.11"]
[Round "4.23"]
[White "Morera Rodriguez, Ignacio"]
[Black "De La Colina Fernandez, Gerardo"]
[Result "0-1"]
[WhiteElo "1800"]
[BlackElo "2016"]
[PlyCount "80"]
[EventDate "2012.09.09"]
[EventType "swiss"]
[EventRounds "9"]
[EventCountry "ESP"]
[Source "lmi"]
[SourceDate "2012.09.09"]

1. d4 d5 2. c4 e6 3. Nf3 Nf6 4. g3 c5 5. cxd5 Nxd5 6. dxc5 Bxc5 7. e4 Nb4 8.
Qxd8+ Kxd8 9. Na3 Bd7 10. Ne5 Ke7 11. Nxd7 Nxd7 12. Bd2 Ne5 13. Ke2 Rhd8 14.
Bc3 Ned3 15. Rd1 a5 16. Nc4 Nxf2 17. Rxd8 Rxd8 18. Nxa5 Nxa2 19. Nxb7 Nxc3+ 20.
bxc3 Rb8 21. Nxc5 Rb2+ 22. Kf3 Nxh1 23. Nd3 Rxh2 24. c4 g5 25. g4 Rd2 26. Ke3
Rc2 27. Ne1 Rc1 28. Kd2 Rxe1 29. Kxe1 Ng3 30. Bd3 h5 31. Kf2 h4 32. Kg2 Kd6 33.
Kf2 f6 34. Kf3 Kc5 35. Bb1 Kd4 36. Bc2 Kxc4 37. Bb1 e5 38. Bc2 Kc3 39. Bb1 Kd4
40. Bc2 Nf1 0-1

[Event "I Open Distrito de Chamartin 2012"]
[Site "Madrid ESP"]
[Date "2012.09.11"]
[Round "4.24"]
[White "Garcia Salamero, Hector"]
[Black "Garcia Galeote, Lorenzo"]
[Result "1-0"]
[WhiteElo "1868"]
[BlackElo "2013"]
[PlyCount "57"]
[EventDate "2012.09.09"]
[EventType "swiss"]
[EventRounds "9"]
[EventCountry "ESP"]
[Source "lmi"]
[SourceDate "2012.09.09"]

1. e4 b6 2. g3 Bb7 3. Bg2 g6 4. Nc3 Bg7 5. Nge2 d6 6. d3 e5 7. O-O Ne7 8. f4 f5
9. fxe5 dxe5 10. Bg5 O-O 11. Nd5 Nbc6 12. exf5 gxf5 13. Nxe7+ Nxe7 14. Bxb7 Rb8
15. Bg2 h6 16. Bxe7 Qxe7 17. c3 Rbd8 18. Qb3+ Kh7 19. Qc2 Kh8 20. Rae1 Qg5 21.
d4 h5 22. Qc1 f4 23. dxe5 Bh6 24. Nxf4 h4 25. Qc2 hxg3 26. Ng6+ Kg8 27. Nxf8
Bxf8 28. Qf5 Bc5+ 29. Kh1 1-0

[Event "I Open Distrito de Chamartin 2012"]
[Site "Madrid ESP"]
[Date "2012.09.11"]
[Round "4.25"]
[White "Pardo Vaquero, Ignacio"]
[Black "Baeza Escudero, Javier"]
[Result "0-1"]
[WhiteElo "1756"]
[BlackElo "2008"]
[PlyCount "102"]
[EventDate "2012.09.09"]
[EventType "swiss"]
[EventRounds "9"]
[EventCountry "ESP"]
[Source "lmi"]
[SourceDate "2012.09.09"]

1. d4 Nf6 2. Bf4 d5 3. Nf3 e6 4. e3 c5 5. c3 Nc6 6. Nbd2 Be7 7. Bd3 Qb6 8. Rb1
Bd7 9. Ne5 Rc8 10. g4 cxd4 11. exd4 h6 12. h4 Nxe5 13. Bxe5 Bb5 14. Bxb5+ Qxb5
15. f3 Qd3 16. Nb3 Qg6 17. h5 Qh7 18. Ke2 Nd7 19. Qd3 f5 20. Rbf1 O-O 21. Bf4
b5 22. a3 Nb6 23. Na5 a6 24. b4 Na4 25. Bd2 fxg4 26. fxg4 Bf6 27. Qxh7+ Kxh7
28. Nb7 Nxc3+ 29. Kd3 Ne4 30. Nc5 Ng3 31. Nxe6 Rfe8 32. g5 Rxe6 33. gxf6 gxf6
34. Rhg1 Nxf1 35. Rxf1 Rg8 36. Rf3 Rg4 37. Kc3 Rh4 38. Rf5 Rd6 39. Bf4 Rc6+ 40.
Kd3 Kg7 41. Be3 Rh3 42. Kd2 Re6 43. Bf4 Re4 44. Bd6 Rxd4+ 45. Ke2 Rxa3 46. Bc5
Re4+ 47. Kd2 Re5 48. Rf1 Rxh5 49. Bd4 Rh2+ 50. Ke1 Rb3 51. Bxf6+ Kh7 0-1

[Event "I Open Distrito de Chamartin 2012"]
[Site "Madrid ESP"]
[Date "2012.09.11"]
[Round "4.27"]
[White "Moreno Zamora, Gregorio"]
[Black "Gonzalez Pabollet, Jesus Maria"]
[Result "1/2-1/2"]
[WhiteElo "1724"]
[BlackElo "1978"]
[PlyCount "59"]
[EventDate "2012.09.09"]
[EventType "swiss"]
[EventRounds "9"]
[EventCountry "ESP"]
[Source "lmi"]
[SourceDate "2012.09.09"]

1. d4 d5 2. c4 c6 3. Nc3 Nf6 4. Nf3 a6 5. cxd5 cxd5 6. Qc2 Nc6 7. a3 g6 8. Bf4
Bg7 9. e3 O-O 10. Bd3 Bg4 11. Ne5 Rc8 12. h3 Be6 13. Bh2 Ne8 14. Nxc6 Rxc6 15.
O-O Nd6 16. Rac1 Qd7 17. Qe2 Rfc8 18. Na2 b5 19. Rxc6 Qxc6 20. Nb4 Qb6 21. Bxd6
Qxd6 22. Qd2 Bd7 23. Rc1 Rxc1+ 24. Qxc1 a5 25. Nc2 Qc7 26. Qd2 e6 27. g3 Bf8
28. Kg2 Bd6 29. Be2 Kg7 30. Bd3 1/2-1/2